Anuradha Sarma Pujarir Diary (Record no. 636)
[ view plain ]
| 000 -LEADER | |
|---|---|
| fixed length control field | 00293nam a2200121Ia 4500 |
| 008 - FIXED-LENGTH DATA ELEMENTS--GENERAL INFORMATION | |
| fixed length control field | 200130s9999||||xx |||||||||||||| ||und|| |
| 040 ## - CATALOGING SOURCE | |
| Original cataloging agency | Gargaon College Central Library |
| 041 ## - LANGUAGE CODE | |
| -- | English |
| 100 ## - MAIN ENTRY--PERSONAL NAME | |
| Personal name | Pujari,Anuradha Sarma |
| 245 #0 - TITLE STATEMENT | |
| Title | Anuradha Sarma Pujarir Diary |
| 260 ## - PUBLICATION, DISTRIBUTION, ETC. | |
| Name of publisher, distributor, etc. | Jyoti Prakashan |
| Place of publication, distribution, etc. | Guwahati |
| 942 ## - ADDED ENTRY ELEMENTS (KOHA) | |
| Koha item type | Books |
| Withdrawn status | Lost status | Damaged status | Not for loan | Home library | Current library | Date acquired | Total Checkouts | Barcode | Date last seen | Date last checked out | Price effective from | Koha item type |
|---|---|---|---|---|---|---|---|---|---|---|---|---|
| Gargaon College Central Library | Gargaon College Central Library | 09/09/2015 | 14 | 18174 | 05/05/2026 | 23/04/2026 | 30/01/2020 | Books |
